000 00573nam a2200157Ia 4500
008 151213s9999 xx 000 0 und d
020 _a984--819304-2
100 _aখালেদা হানুম।
245 _aবংলাদেশের র্ছোট গল্প।১৯৪৭-১৯৭০
_cখালেদা হানুম।
260 _aঢাকা
_bএর্ডান পাবলিকেশন।
_c1997
300 _a8453 p.
650 _aBangla
650 _aBengali Literature
700 _aখালেদা হানুম।
999 _c4291
_d4291